Top 15 Biggest Land Predators - Statistics

General Stats
  • This quiz has been taken 36 times
  • The average score is 6 of 15
Answer Stats
Hint Answer % Correct
5 lion
100%
4 tiger
100%
1 polar bear
97%
2 brown bear
82%
6 jaguar
73%
11 cheetah
67%
7 cougar
42%
10 snow leopard
30%
9 gray wolf
21%
14 wolverine
9%
3 american black bear
6%
12 dingo
6%
8 spotted hyena
3%
15 caracal
0%
13 eurasian lynx
0%
No matching quizzes found
Score Distribution
Percent of People with Each Score
Percentile by Number Answered
Your Score History
You have not taken this quiz